Hogyan látta a korabeli pszichológiát Dienes Valéria, 1914-ben írt "A mai lélektan főbb irányai" c. munkájában?
Dienes Valéria a 20. századi magyar szellemi élet kiemelkedő alakja volt, aki sokoldalú tehetségként alkotott a matematika, a filozófia, a pszichológia és a modern táncelmélet és táncművészet területén. Személyét és munkásságát mindamellett sokáig elhallgatás övezte az 1947-es kommunista rendszervál...
Elmentve itt :
| Szerzők: | |
|---|---|
| További közreműködők: | |
| Dokumentumtípus: | Cikk |
| Megjelent: |
2021
|
| Sorozat: | Impulzus : szegedi pszichológiai tanulmányok
8 No. 1 |
| Kulcsszavak: | Pszichológiatörténet - magyar |
| Tárgyszavak: | |
| Online Access: | http://acta.bibl.u-szeged.hu/75181 |
| LEADER | 01972nab a2200241 i 4500 | ||
|---|---|---|---|
| 001 | acta75181 | ||
| 005 | 20220407143120.0 | ||
| 008 | 220407s2021 hu o 0|| hun d | ||
| 022 | |a 2064-9258 | ||
| 040 | |a SZTE Egyetemi Kiadványok Repozitórium |b hun | ||
| 041 | |a hun | ||
| 100 | 1 | |a Tóth Enikő | |
| 245 | 1 | 0 | |a Hogyan látta a korabeli pszichológiát Dienes Valéria, 1914-ben írt "A mai lélektan főbb irányai" c. munkájában? |h [elektronikus dokumentum] / |c Tóth Enikő |
| 260 | |c 2021 | ||
| 300 | |a 1-19 | ||
| 490 | 0 | |a Impulzus : szegedi pszichológiai tanulmányok |v 8 No. 1 | |
| 520 | 3 | |a Dienes Valéria a 20. századi magyar szellemi élet kiemelkedő alakja volt, aki sokoldalú tehetségként alkotott a matematika, a filozófia, a pszichológia és a modern táncelmélet és táncművészet területén. Személyét és munkásságát mindamellett sokáig elhallgatás övezte az 1947-es kommunista rendszerváltást követően mély vallásossága, bergsoniánus vallásfilozófiája, valamint a modern táncművészethez és a pszichológiához való kötődése miatt. Írásunkban felidézzük Dienes Valéria életének főbb állomásait, de figyelmünk elsősorban az általa 1914-ben írt, a korabeli pszichológia helyzetét bemutató és elemző könyvére irányul. A mű akkor született, amikor a pszichológia kezdett kibontakozni, mint tudomány. Dienes éles szemmel és pontos nyelvezettel fogalmazta meg észrevételeit, amelyek ma is tanulságosak. Írásunkban Dienes saját, a korabeli lélektan nyelvezetét tükröző és találóan pontos szavait idézve világítjuk meg a pszichológia korabeli helyzetét, és hívjuk fel ismételten a figyelmet életművére. | |
| 650 | 4 | |a Társadalomtudományok | |
| 650 | 4 | |a Pszichológia | |
| 695 | |a Pszichológiatörténet - magyar | ||
| 700 | 0 | 1 | |a Dienes Valéria |
| 700 | 0 | 1 | |a Szokolszky Ágnes |e aut |
| 856 | 4 | 0 | |u http://acta.bibl.u-szeged.hu/75181/1/impulzus_008_001_005.pdf |z Dokumentum-elérés |